| 000 | 01290nam a22003617a 4500 | ||
|---|---|---|---|
| 003 | CHAP | ||
| 005 | 20220817042752.0 | ||
| 008 | 971013s1984 r 00010 d | ||
| 010 | _a55009 | ||
| 011 | _a55981 | ||
| 035 | _a60134 | ||
| 040 | _cCHAP | ||
| 082 |
_a633.15 _bS42 |
||
| 100 | 0 | 0 |
_aSentz, James C. _eed. _9104434 |
| 245 |
_aU. S. Universities - CIMMYT maize conference _b: proceedings |
||
| 260 |
_a(El Batan, Tex.) : _bCIMMYT, _c(1984) |
||
| 300 | _a184 p. | ||
| 590 |
_aBATCH-UPD _b10 _c20130110 _lUCH01 _h0303 |
||
| 590 |
_aBATCH-UPD _b10 _c20130110 _lUCH01 _h1449 |
||
| 590 |
_aBATCH-UPD _b10 _c20130409 _lUCH01 _h2335 |
||
| 590 |
_aBATCH-UPD _b10 _c20130410 _lUCH01 _h1523 |
||
| 590 |
_aBATCH-UPD _b10 _c20130914 _lUCH01 _h0834 |
||
| 590 |
_aCONVERSION _b10 _c20130109 _lUCH01 _h1330 |
||
| 650 | 1 | 4 |
_aMaíz _xCongresos. _970909 |
| 650 | 1 | 4 |
_aMaíz _xInvestigación. _970984 |
| 700 | 0 |
_aCantrell, Ronald. _918539 |
|
| 710 | 0 | _aCentro Internacional de Mejoramiento de Maíz y Trigo. | |
| 901 | _aBK | ||
| 942 | _cLIBRO | ||
| 949 |
_a633.15 S42 _bBC _cLIBRO _d33724000208088 _eLIBRO _h69061 _i60134 _si |
||
| 949 |
_a633.15 S42 _bBC _cLIBRO _d33724000596250 _eLIBRO _fc.3 _h93356 _i60134 _kDonaciØn _sb |
||
| 949 |
_a633.15 S42 _bBC _cLIBRO _d33724000687489 _eLIBRO _fc.2 _h92443 _i60134 _kDonaciØn _sb |
||
| 999 |
_c55009 _d55009 |
||